Crop diversification : (Record no. 5622)

MARC details
000 -LEADER
fixed length control field 00695nam a22002297a 4500
001 - CONTROL NUMBER
control field BD-DhSAU 5622
003 - CONTROL NUMBER IDENTIFIER
control field BD-DhSAU
005 - DATE AND TIME OF LATEST TRANSACTION
control field 20150416155532.0
008 - FIXED-LENGTH DATA ELEMENTS--GENERAL INFORMATION
fixed length control field 150416b1995 bg a|||| |||| 00| 0 eng d
020 ## - INTERNATIONAL STANDARD BOOK NUMBER
International Standard Book Number 9840513028
040 ## - CATALOGING SOURCE
Original cataloging agency BD-DhSAU
082 ## - DEWEY DECIMAL CLASSIFICATION NUMBER
Edition number 22
Classification number 338.633
Item number CRO
245 ## - TITLE STATEMENT
Title Crop diversification :
Remainder of title dubsubf dein Ffrom a field research programme /
Statement of responsibility, etc. edited by MAS. Mandal , S.C. Dutta
260 ## - PUBLICATION, DISTRIBUTION, ETC. (IMPRINT)
Place of publication, distribution, etc. Dhaka :
Name of publisher, distributor, etc. The University Press,
Date of publication, distribution, etc. 1991.
300 ## - PHYSICAL DESCRIPTION
Extent xx, 151 p. : ill.,
Other physical details tables, figs. ;
Dimensions 22 cm.
504 ## - BIBLIOGRAPHY, ETC. NOTE
Bibliography, etc Includes references .
590 ## - Name of Cataloguer
Name of Cataloger Shahriar
650 ## - SUBJECT ADDED ENTRY--TOPICAL TERM
Topical term or geographic name as entry element Crop Diversification
650 ## - SUBJECT ADDED ENTRY--TOPICAL TERM
Topical term or geographic name as entry element Agronomy.
700 ## - ADDED ENTRY--PERSONAL NAME
Personal name Mandal , M.A.S.
700 ## - ADDED ENTRY--PERSONAL NAME
Personal name Dutta , S. C.
942 ## - ADDED ENTRY ELEMENTS (KOHA)
Source of classification or shelving scheme Dewey Decimal Classification
Koha item type Book
Holdings
Withdrawn status Lost status Source of classification or shelving scheme Damaged status Not for loan Collection code Home library Branch Name Shelving location Date acquired Total Checkouts Full call number Barcode Date last seen Price effective from Koha item type
    Dewey Decimal Classification   Not For Loan Reference SAU Library SAU Library Reference 27/05/1998   338.633 CRO 27551 16/04/2015 16/04/2015 Book